Physical geographical picture of Csongrád county

Elmentve itt :
Bibliográfiai részletek
Szerző: Jakucs László
Dokumentumtípus: Cikk
Megjelent: 1984
Sorozat:Acta Universitatis Szegediensis : acta geographica 24
Kulcsszavak:Földrajztudomány
Online Access:http://acta.bibl.u-szeged.hu/3241
LEADER 00633nab a2200181 i 4500
001 acta3241
005 20210603122050.0
008 161015s1984 hu o 0|| eng d
022 |a 0324-5268 
040 |a SZTE Egyetemi Kiadványok Repozitórium  |b hun 
041 |a eng 
100 1 |a Jakucs László 
245 1 0 |a Physical geographical picture of Csongrád county  |h [elektronikus dokumentum] /  |c  Jakucs László 
260 |c 1984 
300 |a 89-103 
490 0 |a Acta Universitatis Szegediensis : acta geographica  |v 24 
695 |a Földrajztudomány 
856 4 0 |u http://acta.bibl.u-szeged.hu/3241/1/geographica_024_089-103.pdf  |z Dokumentum-elérés